00233nam a22001097a 4500082000800000100002000008245003200028260003100060300000800091942000700099999001700106 aINA aInaam Ur Rehman aAorat jaraim ki daldal main aLahorebSingmail pubc1988 a317 cBK c14640d14640